| 000 | 00407pab a2200145 454500 | ||
|---|---|---|---|
| 008 | 180718b xxu||||| |||| 00| 0 eng d | ||
| 100 | _aCigler, Beverly A. | ||
| 245 | _a"Bureaucracy" in the introductory american government textbook | ||
| 650 | _a U.S.A | ||
| 650 | _a Public Administration | ||
| 650 | _aBureaucracy | ||
| 700 | _aNeiswender, Heidi L | ||
| 773 | _aPublic Administration Review | ||
| 909 | _a2203 | ||
| 999 |
_c2203 _d2203 |
||